000 00794nam a2200181Ia 4500
008 090124s9999 xx 000 0 und d
082 _b34690
100 _aनेने वि. वा. तथा राजाभाऊ
245 _a धर्म क्षेेत्रे कुरू क्षेत्रे
250 _a1
260 _bविवेक व्यासपीठ प्रकाशन
_c1997
300 _a99
600 _aनेने वि. वा. तथा राजाभाऊ
630 _a धर्म क्षेेत्रे कुरू क्षेत्रे
700 _aनेने वि. वा. तथा राजाभाऊ
730 _a धर्म क्षेेत्रे कुरू क्षेत्रे
942 _cBOOK
999 _c100620
_d100620